Poesíes / (Record no. 43658)

MARC details
000 -LEADER
campo de control de longitud fija 00698nam a2200205 i 4500
001 - NÚMERO DE CONTROL
campo de control 43658
003 - IDENTIFICADOR DE NÚMERO DE CONTROL
campo de control ES-MaACL
007 - CAMPO FIJO DE DESCRIPCIÓN FÍSICA--INFORMACIÓN GENERAL
campo de control de longitud fija t|
008 - DATOS DE LONGITUD FIJA--INFORMACIÓN GENERAL
campo de control de longitud fija 030318s1928 sp ||||1| spa d
100 1# - ENTRADA PRINCIPAL--NOMBRE DE PERSONA
Nombre de persona Catulo, Cayo Valerio.
9 (RLIN) 37089
245 10 - MENCIÓN DEL TÍTULO
Título Poesíes /
Mención de responsabilidad, etc. C. Valeri Catul ; text revisat i traduccio de Joan Petit i Josep Vergés.
260 ## - PUBLICACIÓN, DISTRIBUCIÓN, ETC.
Lugar de publicación, distribución, etc. Barcelona :
Nombre del editor, distribuidor, etc. Fundació Bernot Metge,
Fecha de publicación, distribución, etc. 1928 (
Fabricante Emporium)
300 ## - DESCRIPCIÓN FÍSICA
Extensión XXVI, 99 p. ;
Dimensiones 21 cm.
490 1# - MENCIÓN DE SERIE
Mención de serie Fundació Bernot Metgé Escriptores Llatins
700 1# - ENTRADA AGREGADA--NOMBRE PERSONAL
Nombre de persona Petit, Juan.
9 (RLIN) 91508
700 1# - ENTRADA AGREGADA--NOMBRE PERSONAL
Nombre de persona Vergés, José.
9 (RLIN) 114106
830 0# - PUNTO DE ACCESO ADICIONAL DE SERIE-TÍTULO UNIFORME
Título uniforme Fundació Bernot Metgé Escriptores Llatins
9 (RLIN) 182000
852 ## - LOCALIZACIÓN
Ubicación ES-MaACL
Número de control de estantería C-6775
Sublocalización o colección R.7790
Holdings
Estatus retirado Estado de pérdida Estado de daño No para préstamo Biblioteca de origen Biblioteca actual Ubicación en estantería Fecha de adquisición Fuente de adquisición Total de préstamos Signatura topográfica completa Código de barras Visto por última vez Precio de reemplazo Tipo de ítem Koha
        Biblioteca del Ateneo de Madrid Biblioteca del Ateneo de Madrid Sala Palomar 17/01/2008     C-6775 1045956 23/02/2023 23/02/2023 Libro impreso